Percussion Insturments - Statistics

General Stats
  • This quiz has been taken 174 times
  • The average score is 11 of 36
Answer Stats
Hint Answer % Correct
B_ _ _ D_ _ _ Bass Drum
91%
S_ _ _ _ D_ _ _ Snare Drum
88%
X_ _ _ _ _ _ _ _ Xylophone
84%
M_ _ _ _ _ _ Marimba
76%
G_ _ _ Gong
61%
T_ _ _ _ _ _ Timpani
61%
G_ _ _ _ _ _ _ _ _ _ _ Glockenspiel
60%
V_ _ _ _ _ _ _ _ _ Vibraphone
59%
T_ _ _ _ _ _ _ Triangle
51%
T_ _ _ _ _ _ _ _ _ Tambourine
50%
C_ _ _ _ _ Chimes
40%
M_ _ _ _ _ _ Maracas
34%
C_ _ _ _ Conga
32%
C_ _ _ _ _ Cabasa
26%
G_ _ _ _ Guiro
26%
C_ _ _ _ _ _ _ _ Castanets
25%
T_ _ _ _ _ _ B_ _ _ _ Tubular Bells
22%
P_ _ _ _ Piano
20%
D_ _ _ _ _ Djembe
18%
C_ _ _ _ _ _ Cowbell
17%
A_ _ _ _ Agogo
15%
W_ _ _ Whip
15%
B_ _ _ _ D_ _ _ Bongo Drum
13%
T_ _ _ _ _ B_ _ _ _ _ Temple Blocks
13%
T_ _ _ _ _ _ _ Timbales
10%
C_ _ _ _ Cajon
9%
C_ _ _ _ _ _ Crotale
8%
R_ _ _ _ _ _ Ratchet
8%
B_ _ _ T_ _ _ Bell Tree
7%
R_ _ _ _ _ _ _ Rainstick
7%
C_ _ _ _ _ _ Celeste
6%
M_ _ _ T_ _ _ Mark Tree
6%
C_ _ _ _ C_ _ _ _ _ _ Clash Cymbals
5%
S_ _ _ _ Surdo
5%
B_ _ _ _ _ _ Bodhran
4%
M_ _ _ _ _ _ _ _ _ _ _ Metallophone
3%
No matching quizzes found
Score Distribution
Percent of People with Each Score
Percentile by Number Answered
Your Score History
You have not taken this quiz